Airliners of Aeroflot - Statistics

General Stats
  • This quiz has been taken 61 times
  • The average score is 6 of 8
Answer Stats
Answer % Correct
Airbus A320-200
89%
Airbus A320-200NEO
89%
Airbus A321-200
85%
Airbus A321-200NEO
85%
Airbus A330-300
76%
Airbus A350-900
74%
Boeing 737-800
72%
Boeing 777-300ER
70%
No matching quizzes found
Score Distribution
Percent of People with Each Score
Percentile by Number Answered
Your Score History
You have not taken this quiz